James Dean Trivia - Statistics

General Stats
  • This quiz has been taken 27 times
  • The average score is 15 of 21
Answer Stats
Question Answer % Correct
How many times was James nominated for an Academy Award? 2
100%
How many feature films did James star in? 3
100%
How old was James when he died? 24
95%
What was James' first movie? East of Eden
95%
True or False: James was alive to see 2/3 of his films released? False
95%
What colour was James' jacket in Rebel Without a Cause? Red
90%
What was James' last film? Giant
85%
What soft drink company did James film an advert for? Pepsi
80%
In the film Badlands, Martin Sheen's character is inspired by which of James' films? Rebel Without a Cause
80%
Who was James' female co-star in Rebel Without a Cause? Natalie Wood
75%
How does James' character become rich in Giant? Oil
75%
What brand of car was James driving when he died? Porsche
75%
Which English poet was James' middle name named after? Lord Byron
65%
What US state was James born in? Indiana
60%
What was James' characters name in Rebel Without a Cause? Jim Stark
60%
Who was James' male co-star in Rebel Without a Cause? Sal Mineo
60%
James became close friends with which co-star on the set of Giant? Elizabeth Taylor
50%
James' most famous romantic relationship was with which Italian actress? Pier Angeli
45%
Which iconic singer aspired to be an actor like James and Marlon Brando? Elvis Presley
40%
What ironic PSA did James film before he died? Safe driving
40%
Where was James driving to when he ultimately crashed? Salinas
20%
No matching quizzes found
Score Distribution
Percent of People with Each Score
Percentile by Number Answered
Your Score History
You have not taken this quiz